000 01823nam0a2200361 4500
001 RU\NLR\bibl\1817557
005 20250616155641.0
010 _a978-5-394-01296-9
_91500
021 _aRU
_b2011-68296
_94821
035 _a(NLR Aleph) 001808131
090 _a1832681
_c1832681
100 _a20111007d2012 |||y0rusy50 ca
101 0 _arus
102 _aRU
105 _ay |||||||||
200 1 _aЭкономика предприятий торговли и питания потребительского общества
_eучебник
_e[для студентов средних специальных и высших учебных заведений системы потребительской кооперации]
_fА.М. Фридман
_gИзд.-торг. корпорация "Дашков и К°"
205 _a4-е изд., перераб. и доп.
210 _aМосква
_cДашков и К°
_d2012 [т.е. 2011]
215 _a655 с.
_d21
300 _aНа обороте тит.л. авт.: А.М. Фридман, д.э.н., проф., засл. деят. науки РФ
300 _aКн. фактически издана в 2011 г.
606 1 _aКооперативная торговля
_jУчебники
_xПредприятия
_xЭкономика
_92506129
_3RU\NLR\auth\661486038
606 1 _aОбщественное питание потребительской кооперации
_jУчебники
_xПредприятия
_xЭкономика
_92506131
_3RU\NLR\auth\661486039
686 _aУ42(2)1я7
686 _aУ42(2)41я7
700 1 _aФридман
_bА. М.
_gАбель Менделеевич
_4070
801 0 _aRU
_bNLR
_c20111007
_gRCR
801 1 _aRU
_bNLR
_c20111007
830 _aпо кн
942 _cBOOK
980 _aNB
980 _aNBR